LEADER 01109nam0 2200313 450 001 000026463 005 20090811152041.0 010 $a978-287706-670-9 100 $a20090811d2008----km-y0itaa50------ba 101 0 $afre 102 $aFR 200 1 $aCorona & Coronilla$fpoèmes à Jean Voilier$c<> L'histoire de Corona$fpar Bernard de Fallois 210 $aParis$cde Fallois$dc2008 215 $a218 p.$d23 cm 423 1$12001$a<>histoire de Corona 517 1 $aCorona et Coronilla 676 $a841.912$v(21. ed.)$9Poesia francese. 1900-1945 700 1$aValéry,$bPaul$0757467 702 1$aFallois,$bBernard : de 801 0$aIT$bUniversità della Basilicata - B.I.A.$gRICA$2unimarc 912 $a000026463 996 $aCorona & Coronilla$91528574 997 $aUNIBAS BAS $aLETTERE CAT $aMDL$b30$c20090811$lBAS01$h1121 CAT $aMDL$b00$c20090811$lBAS01$h1128 CAT $aMDL$b30$c20090811$lBAS01$h1520 FMT Z30 -1$lBAS01$LBAS01$mBOOK$1BASA1$APolo Storico-Umanistico$2DID$BDidattica$3FM/108129$6108129$5L108129$820090811$f04$FPrestabile Didattica